| 000 | 00786nam a2200205 i 4500 | ||
|---|---|---|---|
| 001 | 187190 | ||
| 003 | ES-MaACL | ||
| 005 | 20250628050300.0 | ||
| 008 | 170503s1984 ck cf |||| |bspa d | ||
| 080 | _a929 Piñeros Corpas, Joaquín | ||
| 100 | 1 |
_aEspinosa Silva, Augusto. _9162525 |
|
| 245 | 1 | 0 |
_aJoaquín Piñeros Corpas _b: el caballero innumerable / _cAugusto Espinosa Silva. |
| 260 |
_aBogotá : _b[Instituto Caro y Cuervo], _c1984 ( _fImp. Patriótica del Instituto Caro y Cuervo) |
||
| 300 |
_a149 p., [2] h. de lám., [16] p. de lám. ; _c24 m. |
||
| 600 | 1 | 4 |
_aPiñeros Corpas, Joaquín. _9162526 |
| 710 | 2 |
_aInstituto Caro y Cuervo. _94806 |
|
| 852 |
_aES-MaACL _cDEPO2 _hDonat. herederos José Prat _jL-31524 |
||
| 942 |
_2udc _cMONOGRAFIA _n0 |
||
| 999 |
_c187190 _d187190 |
||